SNL - Everybody Plays the Food Quiz Stats

 Plays Quiz Updated Nov 25, 2017

Score 0/15 Timer 03:00
3 Plays Today
% Correct
Justin Timberlake

(soup mascot)
95.7%
Zach Galifianakis

(M&M)
94.6%
Jamie Foxx

(ding dong)
92.5%
Kristen Wiig

(tea mascot)
88.7%
Amy Poehler

(hot dog)
88.3%
Ashton Kutcher

(chocolate bar)
86.3%
Chris Kattan

(whiskey)
79.4%
Darrell Hammond

(pizza - Donald Trump)
79%
% Correct
Kevin Nealon

(sloppy joe)
77.9%
Rachel Dratch

(blueberry -
girl from Willy Wonka)
76.9%
Ellen Cleghorne

(pudding)
74.6%
Colin Quinn

(potato)
74.1%
Kyle Mooney

(cereal killer)
72.9%
Chris Parnell

(bacon & eggs mascot)
71.4%
Horatio Sanz

(California Raisin)
68.5%

You're not logged in!

Compare scores with friends on all Sporcle quizzes.
OR
Log In

You Might Also Like...

Show Comments

Extras

Top Quizzes Today


Score Distribution

Your Account Isn't Verified!

In order to create a playlist on Sporcle, you need to verify the email address you used during registration. Go to your Sporcle Settings to finish the process.

Report this User

Report this user for behavior that violates our Community Guidelines.

Details: